000 00639nam a2200217Ia 4500
001 5566
003 GE_BSU
008 181216s||||||||xx |||||||||||||| ||und||
040 _cGE_BSU
080 _a51ё2.54+519
100 _aКалужин,Л. А В. И. Сущанский.
245 _aПреобразования и перестановки.
245 _cПер сукраинского Г.И фалина
250 _a2-е изд..
260 _aМосква:
260 _bНаука,
260 _c1985
300 _a158 с.22 см.
653 _aПреобразования и перестановки.
942 _cBK
999 _c39045
_d39045